Διαχείριση πληροφοριακών συστημάτων : εφαρμογή στη διαχείριση γνώσης : διπλωματική εργασία

Αποθηκεύτηκε σε:
Λεπτομέρειες βιβλιογραφικής εγγραφής
Κύριος συγγραφέας: Βαμβακούλας, Χρήστος
Συγγραφή απο Οργανισμό/Αρχή: Πανεπιστήμιο Αιγαίου Τμήμα Μηχανικών Οικονομίας και Διοίκησης - Τ.Μ.Ο.Δ. Σχολή Επιστημών της Διοίκησης
Άλλοι συγγραφείς: Γλύκας, Μιχαήλ (Εισηγητής διατριβής)
Μορφή: Thesis Βιβλίο
Γλώσσα:Greek
Δημοσίευση: 2006
Θέματα:
Διαθέσιμο Online:http://hdl.handle.net/11610/8386
Ετικέτες: Προσθήκη ετικέτας
Δεν υπάρχουν, Καταχωρήστε ετικέτα πρώτοι!

MARC

LEADER 00000cam a2200000 i 4500
001 1/35951
008 061023s2006 gre d
035 |l 10085690 
040 |a GR-MY-UA  |b gre  |e aacr 
041 0 |a gre 
082 0 |a 658.4038  |2 (22) 
100 1 |a Βαμβακούλας, Χρήστος. 
245 1 0 |a Διαχείριση πληροφοριακών συστημάτων :  |b εφαρμογή στη διαχείριση γνώσης : διπλωματική εργασία /  |c Βαμβακούλας Χρήστος ; επιβλέπων καθηγητής Γλύκας Μιχάλης 
260 |c 2006 
300 |a 125 σ.;  |b εικ., διαγρ.;  |c 30 εκ. 
502 # # |a Πτυχιακή εργασία – Πανεπιστήμιο Αιγαίου, Χίος, 2006. 
504 |a Περιλαμβάνει βιβλιογραφία 
610 2 0 |a Πανεπιστήμιο Αιγαίου. 
650 0 0 |a Knowledge management. 
650 0 0 |a Management information systems. 
650 0 0 |a Organizational learning. 
650 0 0 |a Dissertations, Academic  |z Greece. 
700 1 |a Γλύκας, Μιχαήλ.  |4 ths 
710 1 |a Πανεπιστήμιο Αιγαίου Τμήμα Μηχανικών Οικονομίας και Διοίκησης - Τ.Μ.Ο.Δ.  |b Σχολή Επιστημών της Διοίκησης. 
852 |a INST  |b CHIOS  |c DIATR  |e 20061023  |h 658.4038 ΒΑΜ  |p 005200026936  |q 005200026936  |t DIE  |y 23 
852 |a INST  |b CHIOS  |c DIATR  |e 20061023  |h 658.4038 ΒΑΜ  |p 005200026937  |q 005200026937  |t DIE  |y 23 
856 |u http://hdl.handle.net/11610/8386 
901 |a BIBL2-2006-3 
909 |a Χ  |b 120412 
909 |a Χ  |b 120413 
924 |a ΒΑΜΒΑΚΟΥΛΑΣ  |b ΧΡΗΣΤΟΣ  |y ΧΙΟΣ  |z 2006-09 
970 |a ΒΑΣΙΛΑΚΗ  |b ΝΙΚΗ  |z 2006/10/23